Jahresbericht / 1999/2000
| Medienart: | Druck Buch |
|---|---|
| Sprache: | Deutsch |
| Veröffentlicht: |
2001
|
| In: |
Jahresbericht ... der Kommission Polizeiliche Kriminalprävention der Länder und des Bundes
Jahr: 2001 |
| Bestand in Tübingen: | In Tübingen vorhanden. IFK: J III 281 |
| Verfügbarkeit prüfen: | HBZ Gateway |
| Subito Bestelldienst: | Jetzt bestellen. |
| Schlagwörter: |
MARC
| LEADER | 00000cam a2200000 cc4500 | ||
|---|---|---|---|
| 001 | 1165215586 | ||
| 003 | DE-627 | ||
| 005 | 20220524105514.0 | ||
| 007 | tu | ||
| 008 | 011029s2001 xx ||||| 00| ||ger c | ||
| 035 | |a (DE-627)1165215586 | ||
| 035 | |a (DE-576)095215581 | ||
| 035 | |a (DE-599)BSZ095215581 | ||
| 040 | |a DE-627 |b ger |c DE-627 |e rakwb | ||
| 041 | |a ger | ||
| 245 | 0 | 0 | |a Jahresbericht |n 1999/2000 |
| 264 | 1 | |c 2001 | |
| 300 | |a 256 S. |b graph. Darst. | ||
| 336 | |a Text |b txt |2 rdacontent | ||
| 337 | |a ohne Hilfsmittel zu benutzen |b n |2 rdamedia | ||
| 338 | |a Band |b nc |2 rdacarrier | ||
| 773 | 1 | 8 | |a Jahresbericht ... der Kommission Polizeiliche Kriminalprävention der Länder und des Bundes |w (DE-627)325568898 |w (DE-576)094108463 |w (DE-600)2037163-9 |x 1616-3354 |g 1999/2000 |q 2001,1999/2000 |7 nnas |
| 935 | |h SWB |i vSatz | ||
| 951 | |a JV | ||
| ELC | |b 1 | ||
| LOK | |0 000 xxxxxcx a22 zn 4500 | ||
| LOK | |0 001 2402662751 | ||
| LOK | |0 003 DE-627 | ||
| LOK | |0 004 1165215586 | ||
| LOK | |0 005 20150629081707 | ||
| LOK | |0 008 050415||||||||||||||||ger||||||| | ||
| LOK | |0 040 |a DE-21-110 |c DE-627 |d DE-21-110 | ||
| LOK | |0 541 |e 02/16 | ||
| LOK | |0 689 |a s |a Kriminalprävention | ||
| LOK | |0 689 |a s |a Polizei | ||
| LOK | |0 689 |a s |a Europa | ||
| LOK | |0 689 |a s |a Eigentumsdelikte | ||
| LOK | |0 689 |a s |a Vermögensdelikte | ||
| LOK | |0 689 |a s |a Gewalttaten | ||
| LOK | |0 689 |a s |a Technoprävention | ||
| LOK | |0 852 |a DE-21-110 | ||
| LOK | |0 852 1 |c J III 281 |m p |9 00 | ||
| LOK | |0 935 |a k110 | ||
| LOK | |0 936ln |a 4.5.1.4 | ||
| LOK | |0 938 |k p | ||
| LOK | |0 939 |a 15-04-05 |b l01 | ||
| ORI | |a SA-MARC-krimdoka001.raw | ||
| SIG | |a IFK: J III 281 | ||
